Sociologický slovník /

Uložené v:
Podrobná bibliografia
Hlavný autor: Geist, Bohumil, 1927-2006 (Author)
Médium: Kniha
Jazyk:Czech
Vydané: Praha : Victoria Publishing, a.s., 1992.
Témy:
ISBN: 8085605287
Fyzický popis: 647 strán ; 24 cm.
Tagy: Pridať tag
Žiadne tagy, Buďte prvý kto otaguje tento záznam!

MARC

LEADER 00000nam a2200000 i 4500
001 000072939
003 SVKK
005 20200226081516.0
008 001123s1992 xr e d 000 0 cze d
020 |a 8085605287  |q (viazané) 
040 |a SVKKK  |b slo  |c SVKKK  |e rda 
041 0 |a cze 
044 |a xr  |c CZ 
072 7 |a 316  |x Sociológia  |2 konspekt 
080 |a 316  |2 2011 
080 |a (038.072)  |2 2011 
100 1 |a Geist, Bohumil,  |d 1927-2006  |4 aut 
245 1 0 |a Sociologický slovník /  |c Bohumil Geist. 
264 1 |a Praha :  |b Victoria Publishing, a.s.,  |c 1992. 
300 |a 647 strán ;  |c 24 cm. 
336 |a text  |b txt  |2 rdacontent 
337 |a bez média  |b n  |2 rdamedia 
338 |a zväzok  |b nc  |2 rdacarrier 
504 |a Bibliografia na strane 573-647 
650 0 7 |a sociológia  |2 SVKKKPH 
650 0 7 |a sociology  |2 SVKKKPHeng 
655 7 |a výkladové slovníky  |2 SVKKKPH 
655 7 |a explanatory dictionaries  |2 SVKKKPHeng 
910 |a svkkk 
919 |a 80-85605-28-7 
998 |a BK 
090 |g SCKHL  |k Sklad Pribinova prízemie  |a IV.164654  |j 865020  |i 72939-10  |4 Multiplikát  |s Vyradená 
090 |g SCKHL  |k Sklad Pribinova prízemie  |a IV.164655  |j 865021  |i 2720263759  |s Absenčne 
090 |g SCKHL  |k Sklad Hlavná 10 prízemie  |a IV.164656  |j 865022  |i 2720009179  |4 Strata čitateľom  |s Vyradená 
090 |g SCKHL  |k Sklad Hlavná 10 prízemie  |a IV.236925  |j 1102020  |i 2720717769  |s Absenčne